书目信息 |
| 书名: | The smuggling business | |
| 作者: | Timothy Green | |
| 分册号: | ||
| 分册名: | 出版地: | London : |
|
| 出版社: | Aldus Books | |
| 出版时间: | 1977. | |
| 页数: | 144 p. : | |
| 开本: | 27 cm. | |
| 丛书名: | ||
| 中图分类号: | ||
| 科图分类号: | ||
| 其他分类号: | D526-61 | |
| 主题词: | ||
| 电子资源: | ||
| 000 | 00806nam 2200265 a 4500 | |
| 001 | E0731612621 | |
| 005 | 20070301084924.12 | |
| 008 | 780825s1977 enkach 00110 eng | |
| 008 | uu | |
| 010 | @a78311852 | |
| 015 | @aGB77-09628 | |
| 020 | @a0490003702 :@c£3.95. | |
| 049 | @aN5LA | |
| 050 | 0 | @aHJ6619 @b.G72 1977 |
| 082 | @a364.1/33 | |
| 090 | @aD526-61 | |
| 099 | @dD526-61@ex1:2 | |
| 100 | 10 | @aGreen, Timothy, @d1936- |
| 245 | 14 | @aThe smuggling business / @cTimothy Green |
| 260 | 0 | @aLondon :@bAldus Books,@c1977. |
| 300 | @a144 p. :@bill. (some col.), facsims., ports. (1 col.) ;@c27 cm. | |
| 490 | 0 | @aUndercover |
| 500 | @aIncludes index. | |
| 650 | 0 | @aSmuggling. @b00 @c20020930 @lNLC09 @h2247 @lNLC09 @h2316 @lNLC09 @h1908 |
| 852 | 9 | @bWWJC @cJ08S @k2 @hC913.9 @iGT |
| The smuggling business / / Timothy Green.-London : : Aldus Books, , 1977. |
| 144 p. : : ill. (some col.), facsims., ports. (1 col.) ; ; 27 cm.- (Undercover ) |
| Includes index. |
| ISBN 0490003702 :£3.95. |
| ● |
| 相关链接 |
|
|
|
|
正题名:smuggling business
索取号:D526-61/x1:2
 
预约/预借
| 序号 | 登录号 | 条形码 | 馆藏地/架位号 | 状态 | 备注 |
| 1 | 183335 | 000638554 | 第四借阅区/ [索取号:D526-61/x1:2] | 在馆 |